00729nam a2200229Ia 4500003000400000005001700004008004100021020001500062040000700077082001400084100001700098245006100115250000800176260004200184300003000226500001900256600002100275650005000296942001200346952012600358999001500484OSt20241023061809.0240925s9999 xx 000 0 und d a8178081717 csd a005.1 BAA aBaase., Sara 0aComputer Algorithms: Introduction to Design and Analysis a3rd aSingapore:bPearson educationc,2003. axxix,1335p.bNAfOriginal aIncludes Index aComputer Science aComputer science, information & general works cBK2ddc 001040708CSaUITUbUITUd2005-01-14eVanguard Booksg3395.34l0o005.1 BAApQ6001r2024-09-25 07:14:02w2024-09-25yBK c8500d8500